The AI Advantage: How to Put the Artificial Intelligence Revolution to Work

Wedi'i Gadw mewn:
Manylion Llyfryddiaeth
Prif Awdur: Devenport
Fformat: Llyfr
Cyhoeddwyd: MIT Press
Tagiau: Ychwanegu Tag
Dim Tagiau, Byddwch y cyntaf i dagio'r cofnod hwn!

MARC

LEADER 00000nam a2200000Ia 4500
005 20260513122049.0
020 |a 9780262538008 
100 |a Devenport 
365
365 |b 25.00 
942 |c BK 
245 |a The AI Advantage: How to Put the Artificial Intelligence Revolution to Work 
260 |b MIT Press 
999 |c 18  |d 18 
952 |0 0  |1 0  |4 0  |7 0  |a UNSW  |b UNSW  |d 2026-05-08  |g 24.95  |i 16697  |l 0  |p 000152  |r 2026-05-13 12:20:49  |v 24.95  |w 2026-05-13  |y BK